00935nam a22002657a 45000010005000000030006000050050017000110080041000280200018000690400029000870500015001160820011001311000024001422450050001662500039002162600041002553000045002965050008003415200202003495210020005515210021005716500025005926500019006177000033006367375FISKH20250711100046.0250711b cb ||||| |||| 00| 0 eng d a9780064401845 aFISKHbengcFISKHdFISKH aPZ7.P273 B a813.54 aPaterson, Katherine aBridge to terabithia /cBy Katherine Paterson aFirst Harper Trophy edition, 1987  aNew York : bHarper Trophy , c1977. a163 pages : billustrations ;c201 cm .  aS  aThe life of a ten-year-old boy in rural Virginia expands when he becomes friends with a newcomer who subsequently meets an untimely death trying to reach their hideaway, Terabithia, during a storm.8 a810 bLexile 8 aS bRaz-Plus  aFriendship vFiction aDeathvFiction aDiamond, DonnaeIllustrator